000 00821nam a22002057a 4500
999 _c196106
_d196106
005 20230628125200.0
010 _aB-751236-249 CHEN 25.5.23
020 _a9788194961802
_c490.00
035 _aB-751236-249
037 _aVishv Books Publisher
082 _aS
100 _aMohini, Mudit
245 _astories about Family Bonding/
_bWritten by Mudit Mohini
260 _aNew Delhi
_bVishv Books Publisher
270 _aR.O B-1/E7 Mohan Estate, Badarpur, New Delhi
_bNew Delhi
_e110044
300 _a160p.:
_bcol.ill.
_c29cm(Hb)
700 _aMohini,Mudit
942 _2ddc
_cCH
_mMOH
_hS